00537 2200193 4500001002100000005001500021035002000036007000300056008004100059100001500100245007200115250000900187260003700196300004400233020002200277082001100299084001700310990001600327INLIS00000000000026620191030103341 a0010-1019000051ta191030 0 ind 0 aSumaryanto1 aTerampil Berwawancara :bPanduan Bagi Wartawan Pemula /cSumaryanto aed.1 aJakarta :bCV. Pamularsih,c2009 aiii + 52 hlm. :bIlus. ;c25 x 17.5 cm. a978-979-053-113-0 a621.38 a621.38 SUM t a00000003364